000 00277nam a2200109Ia 4500
008 190912s9999||||xx |||||||||||||| ||und||
100 _aPhilippe kruchten
245 4 _aThe Rational Unified Process An Introduction
260 _aUSA
_bAddision
_c2000
300 _a298
942 _cBK
999 _c7494
_d7494